00473nam a2200157 a 4500008004100000020002300041100001900064245007200083260003700155300002700192440003000219650003900249003000100288005001700289040000900306  a1857150627 (cased)1 aShelley, Mary.10aFrankenstein /cMary Shelley ; with an introduction by Mary Lesser. aLondon :bDavid Campbell,c1992. axxii, 231 p. ;c22 cm. aEveryman's Library ;v62. aEnglish Literature d19th century.20230123133641.0 cNUST